| 000 | 01264cam a2200385 a 4500 | ||
|---|---|---|---|
| 001 | 6385 | ||
| 003 | FISKH | ||
| 005 | 20250428095243.0 | ||
| 008 | 091019s2010 nyua b 000 1 eng | ||
| 010 | _a 2009040106 | ||
| 020 | _a9780399254055 | ||
| 020 | _a9780545401081 | ||
| 040 |
_aDLC _cDLC _dDLC _beng |
||
| 050 | _aPZ7.O6332 I | ||
| 082 | _a530 | ||
| 100 | 1 | _aOrloff, Karen Kaufman. | |
| 245 | 1 | 0 |
_aI wanna new room / _cKaren Kaufman Orloff ; illustrated by David Catrow. |
| 250 | _aFirst Scholastic printing, September 2011 | ||
| 260 |
_aNew York : _bScholastic, _c2010. |
||
| 300 |
_a30 unnumbered pages : _bcolor illustrations ; _c22 x 27 cm |
||
| 505 | _aM | ||
| 520 | _aThrough a series of brief letters to his parents, Alex presents all the reasons why he should not have to share a room with his younger brother. | ||
| 521 | 8 |
_a540
_bLexile AD |
|
| 521 | 8 |
_aM
_bRaz-Plus |
|
| 650 | 1 |
_aLetter writing _vFiction. |
|
| 650 | 1 |
_aBrothers _vFiction. |
|
| 650 | 1 |
_aBabies _vFiction. |
|
| 650 | 1 |
_aSharing _vFiction. |
|
| 650 | 1 |
_aFamily life _vFiction. |
|
| 650 | 1 | _aHumorous stories. | |
| 700 | 1 |
_aCatrow, David, _eillustrator |
|
| 906 |
_a7 _bcbc _corignew _d1 _eecip _f20 _gy-gencatlg |
||
| 942 |
_2ddc _cBK _n0 |
||
| 999 |
_c6385 _d6385 |
||